Passivhaus design arrives in the UK (Record no. 77521)

MARC details
000 -LEADER
fixed length control field 00974cab a2200181 4500
001 - CONTROL NUMBER
control field ##L134430
008 - FIXED-LENGTH DATA ELEMENTS--GENERAL INFORMATION
fixed length control field 060804n2006 000 0 eng u
035 ## - SYSTEM CONTROL NUMBER
System control number (Sirsi) u134430
041 0# - LANGUAGE CODE
Language code of text/sound track or separate title eng
245 00 - TITLE STATEMENT
Title Passivhaus design arrives in the UK
260 ## - PUBLICATION, DISTRIBUTION, ETC.
Date of publication, distribution, etc. 2006
490 #0 - SERIES STATEMENT
Series statement Constructing the Future
Volume/sequential designation 14(1) Fall 2006, 29(1)
520 ## - SUMMARY, ETC.
Summary, etc. Reports on the introduction to the UK of PassivHaus design, which by intelligent use of passive solar gains, super-insulation, airtightness, and mechanical ventilation, reduces energy use by 90% compared to existing building stock. Over 5 000 homes, mainly in Germany and Austria, have already been built to these principles, and several projects in the UK are now in the planning stages. Technical sketch. Passive house.
590 ## - LOCAL NOTE (RLIN)
Local note IKA010806 NTK
651 #4 - SUBJECT ADDED ENTRY--GEOGRAPHIC NAME
Geographic name International
690 ## - LOCAL SUBJECT ADDED ENTRY--TOPICAL TERM (OCLC, RLIN)
Topical term or geographic name as entry element BUILT ENVIRONMENT-BUILDING ELEMENTS-PARTS OF BUILDING SERVICES ELEMENTS-ENERGY GENERATION, STORAGE AND CONVERSION ELEMENTS
942 ## - ADDED ENTRY ELEMENTS (KOHA)
Suppress in OPAC 0
Holdings
Withdrawn status Lost status Source of classification or shelving scheme Damaged status Not for loan Home library Current library Shelving location Date acquired Total Checkouts Full call number Barcode Date last seen Copy number Price effective from Koha item type
    Dewey Decimal Classification     London London Journal article 04/08/2006   L134430 134430-1001 06/08/2019 1 06/08/2019 Journal article